Statistics for Sibling Actors Quiz

Click here to take the quiz!

General Stats

  • This quiz has been taken 30,591 times
    (16,452 since last reset)
  • The average score is 14 of 21

Answer Stats

SiblingsLast Name% Correct
Mary-Kate & AshleyOlsen
92%
Alec, Daniel, William & StevenBaldwin
89%
Joaquin & RiverPhoenix
86%
Dakota & ElleFanning
84%
Owen & LukeWilson
82%
Emily & ZooeyDeschanel
80%
Ben & CaseyAffleck
79%
Chris & LiamHemsworth
77%
Maggie & JakeGyllenhaal
77%
Haley Joel & EmilyOsment
67%
Eva & Zsa-ZsaGabor
66%
Dennis & RandyQuaid
65%
Mark & DonnieWahlberg
64%
Beau & JeffBridges
63%
Jane & PeterFonda
59%
Marlon, Damon, Kim, &
Keenen Ivory
Wayans
57%
John & JoanCusack
55%
John & JimBelushi
45%
Kirk & CandaceCameron
45%
Fred & BenSavage
30%
Lionel, Ethel & JohnBarrymore
27%

Score Distribution

Percentile by Number Answered

Percent of People with Each Score

Your Score History

You have not taken this quiz since the last reset